00331nam a22001577a 4500003000400000005001700004008004100021020001500062040000700077082001800084100001600102245001500118250001000133260002200143300000800165OSt20210923115415.0210923b |||||||| |||| 00| 0 eng d a0130269263 chu 210tha150/kas esaul kassin apsychology a10 th aupperbhallc2001 a740